1566 1743 1489 1922 1195 1069 1778 1544 1260 1082 1464 1324 1093 1030 1139 1492 1998 1756 1297 1612 1100 1115 1593 1916 1188 1558 1746 1427 1844 1406 1537 1688 1132 1021 1120 1922 1315 1097 1696 1761 1012 1538 1201 1597 1421 1027 1901 1492 1158 1463 1147 1498 1421 1370 1610 1001 1450 1379 1504 1696 1979 1883 1438 1912 1889 1875 1759 1499 1969 1297 1000 1199 1839 1102 1555 1267 1522 1412 1525 1557 1698 1451 1804 1637 1820 1349 1233 1271 1128 1414 1172 1216 1832 1655 1952 1770 1643 1106 1171 BCNSPRNW ULIB Ver.6.0+V

เปลี่ยนเป็นภาษาไทย

Change to English
 แสดงรายละเอียดบรรณานุกรม
  กลับหน้าหลัก

Brief Record : Get Marc (ISO 2709) : E-mail record : QR code < ปิดหน้าต่าง
LEADER : 00000nam 2200000uu 4500
001    13399127126
003     ULIB
008    020711s2019 th a 000 0 eng d
020    ^a9780323676625
060    ^aWB141.5^bD132A
100    ^aDAINS, JOYCE E.
245    ^aADVANCED HEALTH ASSESSMENT & CLINICAL DIAGNOS IS IN PRIMARY CARE
250    ^a6th ed
260    ^aLouis, Missouri :^bElsevier,^c2019
300    ^a630 pages;^b21 cm
650    ^aDiagnosis,Differential
650    ^aDiagnostic Techniques and Procedures
650    ^aPrimary Health Care
945    ^p3320^l0^i006316
999    ^aประนอม เกษจรัล
รายการนี้ยังไม่มีแท็ก
คุณยังไม่ได้ล็อกอิน คุณสามารถมีกิจกรรมร่วมกับเว็บไซต์ได้ แต่ต้องล็อกอินก่อน ::
  ล็อกอิน

รายการสื่อสารสนเทศ

ลำดับที่ ประเภท เลขเรียก/บาร์โค้ด สถานที่ สถานะ
1. วิทยาศาสตร์การแพทย์ และสุขภาพ
วิทยาศาสตร์การแพทย์ และสุขภาพ
WB141.5 D132A ฉ.1 
  Barcode: 006316
ห้องสมุดวิทยาเขตสวรรค์ประชารักษ์
►หนังสือทั่วไป
บนชั้น

รายการใกล้เคียง
    ผู้แต่ง [DAINS, JOYCE E.]

    หัวเรื่อง [Diagnosis,Differential]
    หัวเรื่อง [Diagnostic Techniques and Procedures]
    หัวเรื่อง [Primary Health Care]

BibComment


ยังไม่เคยถูกคอมเมนท์

คอมเมนท์ทรัพยากรรายการนี้
  คอมเมนท์: ADVANCED HEALTH ..


 Copyright 2026. Bcnsprnw @Library